Busiest Airports in the World - Statistics

General Stats
  • This quiz has been taken 83 times
  • The average score is 41 of 50
Answer Stats
Rank # of Total Passengers City % Change % Correct
2 95.7 million Beijing + 1.5%
100%
33 45.5 million London (Gatwick) +5.3%
100%
7 78. 0 million London (Heathrow) + 3.0%
100%
10 69.4 million Paris (Charles de Gaulle) + 5.4%
100%
4 85.4 million Tokyo (Haneda) + 6.5%
99%
5 84.5 millon Los Angeles + 4.5%
97%
18 62.2 million Singapore + 6.0%
97%
22 59.3 million New York (JFK) + 0.5%
96%
43 43.3 million New York (Newark) +7.0%
96%
47 40.9 million Rome (Fiumicino) - 1.8%
96%
1 103.9 million Atlanta - 0.3%
95%
11 68.5 million Amsterdam + 7.7%
93%
12 67.0 million Dallas + 2.3%
93%
25 53.3 million Madrid + 5.9%
93%
40 44.0 million Miami - 1.2%
93%
28 47.2 million Barcelona + 7.1%
92%
16 63.4 million Delhi + 14.1%
92%
48 40.6 million Houston (George Bush) - 2.2%
92%
50 40.0 million Moscow (Sheremetyevo) +17.8%
92%
29 47.2 million Mumbai + 5.7%
92%
24 55.8 million San Francisco + 5.1%
92%
14 64.5 million Frankfurt + 6.1%
90%
17 63.0 million Jakarta + 8.3%
90%
42 43.4 million Sydney +3.4%
90%
21 60.8 million Bangkok + 8.9%
89%
8 72.6 million Hong Kong + 3.4%
89%
15 63.8 million Istanbul (Ataturk) + 5.9%
89%
45 41.8 million Shanghai (Hongqiao) +3.5%
89%
9 70.0 million Shanghai (Pudong) + 6.1%
89%
36 44.7 million Mexico City + 8.0%
88%
30 47.0 million Toronto + 6.2%
88%
3 88.2 million Dubai + 5.5%
86%
31 46.9 million Seattle + 2.6%
86%
44 42.0 million Manila +6.2%
81%
38 44.5 million Munich + 5.5%
81%
19 62.1 million Seoul + 7.5%
81%
27 48.5 million Las Vegas + 2.3%
79%
20 61.3 million Denver + 5.3%
77%
13 65.8 million Guangzhou + 10.3%
77%
23 58.5 million Kuala Lumpur + 11.2%
74%
35 44.8 million Taipei + 6.1%
71%
6 79.8 million Chicago (O'Hare) + 2.4%
70%
39 44.5 million Orlando + 6.2%
70%
41 43.9 million Phoenix +1.2%
70%
32 45.9 million Charlotte + 3.4%
58%
26 49.8 million Chengdu + 8.2%
55%
34 45.5 million Shenzhen + 8.5%
52%
46 41.8 million Xi'an +13.2%
47%
37 44.7 million Kunming + 6.6%
23%
49 40.6 million Narita + 4.2%
5%
No matching quizzes found
Score Distribution
Percent of People with Each Score
Percentile by Number Answered
Your Score History
You have not taken this quiz